European heads of state with longest time in office - Statistics

General Stats
  • This quiz has been taken 131 times
    11 since last reset
  • The average score is 5 of 10
Answer Stats
In office from Head of state % Correct
2012 Vladimir Putin
89%
2014 Felipe VI
78%
2005 Albert II
67%
1994 Alexander Lukashenko
56%
1973 Carl XVI Gustaf
56%
1989 Hans-Adam II
56%
1991 Harald V
56%
2013 Philippe
44%
2013 Willem-Alexander
33%
2015 Sergio Mattarella
11%
No matching quizzes found
Score Distribution
Percent of People with Each Score
Percentile by Number Answered
Your Score History
You have not taken this quiz since the last reset